| 000 | 00412nam a22001097a 4500 | ||
|---|---|---|---|
| 008 | 230606b xxu||||| |||| 00| 0 eng d | ||
| 082 |
_a336.006 _bCPST |
||
| 245 |
_aPublic Finance Management _bA Manual of the Center for Parliamentary Studies and Training _cCenter for Parliamentary Studies and Training |
||
| 260 |
_aKenya _bCenter for Parliamentary Studies and Training _cJuly 2015 |
||
| 300 | _a175 p | ||
| 942 |
_2ddc _cBK |
||
| 999 |
_c634 _d634 |
||